Kisvállalkozások az it szektorban a 2020-as évek közepén
| Szerző: | |
|---|---|
| További közreműködők: | |
| Dokumentumtípus: | Diplomadolgozat |
| Kulcsszavak: | 21. század családi vállalkozás informatika kis- és középvállalkozás - KKV mesterséges intelligencia |
| Online Access: | http://dolgozattar.uni-bge.hu/60166 |
MARC
| LEADER | 00000nta a2200000 i 4500 | ||
|---|---|---|---|
| 001 | dolg60166 | ||
| 005 | 20260409150057.0 | ||
| 008 | 260409suuuu hu om 000 hun d | ||
| 040 | |a BGE Dolgozattár Repozitórium |b hun | ||
| 041 | |a hu | ||
| 100 | 1 | |a Hegyi Kende | |
| 245 | 1 | 0 | |a Kisvállalkozások az it szektorban a 2020-as évek közepén |c Hegyi Kende |h [elektronikus dokumentum] |
| 520 | 3 | |a A szakdolgozat során végzett kutatás rámutatott arra, hogy a magyarországi IT-kisvállalkozások előtt számos kihívás áll, ugyanakkor ezek kezelése egyben lehetőség is versenyképességük növelésére. A digitális átalakulás nem egyszerűen technológiai kérdés, hanem stratégiai jelentőségű vállalati fejlődési irány. Ennek sikeressége alapvetően a humán erőforrás digitális kompetenciáin, a vezetői szemléleten és a vállalati kultúrán múlik. A kutatásból számomra az egyik legfontosabb tanulság az volt, hogy egy erőteljes stratégiai szemléletváltás nélkül a kisvállalkozások rugalmassága és alkalmazkodóképessége önmagában nem elegendő a hosszú távú sikerhez. A további kutatásaim során kiemelten foglalkoznék azzal, hogy a kisvállalkozások hogyan tudják hatékonyabban integrálni a mesterséges intelligenciát, illetve milyen konkrét eszközökkel erősíthetik meg munkaerőpiaci pozíciójukat. Ahogyan a kisvállalkozások előtt számos kihívás áll, úgy személyesen én is azt tapasztaltam, hogy a témakör összetettsége és aktualitása folyamatos kihívásokat jelentett számomra is. Ugyanakkor jelentősen hozzájárult szakmai fejlődésemhez, különösen a digitalizáció stratégiai aspektusainak mélyebb megértése és a kisvállalkozói lét perspektíváinak részletesebb megismerése révén. | |
| 695 | |a 21. század | ||
| 695 | |a családi vállalkozás | ||
| 695 | |a informatika | ||
| 695 | |a kis- és középvállalkozás - KKV | ||
| 695 | |a mesterséges intelligencia | ||
| 700 | 1 | |a Dobó Dr. Róbert |e ths | |
| 856 | 4 | 0 | |u http://dolgozattar.uni-bge.hu/60166/1/Szakdolgozat_Hegyi_Kende.pdf |z Dokumentum-elérés |
| 856 | 4 | 0 | |u http://dolgozattar.uni-bge.hu/60166/2/Hegyi%20Kende_k.pdf |z Dokumentum-elérés |
| 856 | 4 | 0 | |u http://dolgozattar.uni-bge.hu/60166/3/BA%20KM%20magyar%20b%C3%ADr%C3%A1lati%20lap%20BELS%C5%90%20Hegyi%20Kende%20DR.pdf |z Dokumentum-elérés |